000 00755cam a2200253 4500
001 J848
008 090401t1990 xxu||||| |||| 00| 0 eng d
035 _a(Sirsi) u79419
041 _aeng
050 _a692.8
110 _aNational Joint Consultative Committee for Building
_9994
245 _aReproduction of drawings for tender purposes.
260 _aLondon
_bRIBA Publications Ltd.
_c1990
300 _a2p. ; 30cm.
350 _a2
490 _aGuidance Note
_v5
650 _aBUILT ENVIRONMENT-BUILDING CONTRACT FORMS
650 _aSUBCONTRACTORS
650 _aTENDERING
690 _aBUILDING AND CONSTRUCTION-CONTROL
710 _aJoint Consultative Committee for Building Northern Ireland
_91871
942 _n0
948 _c04/03/1997
999 _c96539
_d96539